000 00687pam a2200229 a 4500
005 20250910180829.0
020 _a8123912838
020 _a9788123912837
050 0 0 _aRL61
_b.B39
100 1 _aBehl, P. N., Aggarwal A., Govind Srinastava
245 1 4 _aThe practice of dermatology /
_cBehl, P. N., Aggarwal A., Govind Srinastava
250 _a10th
260 _aDelhi :
_bCBS Pub& distribution,
_c2009.
300 _axi, 339 p. :
_bill. ;
_c23 cm.
500 _aIncludes index.
505 _aPt. 1. Basic information Pt. 2. Diseases of the Skin
650 0 _aSkin
_xDiseases.
650 0 _aDermatology.
650 2 _aSkin Diseases.
700 1 _aAbele, Donald C.
942 _cBK
999 _c8497
_d8497